000 00942cab a2200385 4500
001 ABS59632
008 090401t1998 xxu||||| |||| 00| 0 eng d
035 _a(Sirsi) u89598
041 _aeng
245 _aRegional survey: Essex
260 _c1998
350 _a0
490 _aProperty Week
_v63(28) 6 November 1998, 36-58(12)
650 _aBASILDON
650 _aBISHOPS STORTFORD
650 _aBRAINTREE
650 _aBRENTWOOD
650 _aCHELMSFORD
650 _aCOLCHESTER
650 _aESSEX
650 _aFACTORY OUTLETS
650 _aINDUSTRIAL SECTOR
650 _aLAKESIDE
650 _aLEISURE SECTOR
650 _aOFFICE SECTOR
650 _aPLANNING
650 _aRETAIL SECTOR
650 _aROMFORD
650 _aSOUTHEND
650 _aSTANSTEAD AIRPORT
650 _aTHURROCK
690 _aPROPERTY-COMMERCIAL PROPERTY-COMMERCIAL PROPERTY MARKET
942 _n0
948 _c10/11/1998
999 _c56707
_d56707